Fr. Conceicao Rodrigues College of Engineering

Inte connections networks for large scale parallel processing (Record no. 34547)

MARC details
000 -LEADER
fixed length control field 00340nam a2200145Ia 4500
082 ## - DEWEY DECIMAL CLASSIFICATION NUMBER
Classification number 621.3851
100 ## - MAIN ENTRY--PERSONAL NAME
Personal name Siegel/ H..J.
245 ## - TITLE STATEMENT
Title Inte connections networks for large scale parallel processing
260 ## - PUBLICATION, DISTRIBUTION, ETC.
Name of publisher, distributor, etc. Mc Graw Hill
Place of publication, distribution, etc. New York
Date of publication, distribution, etc. 1992
300 ## - PHYSICAL DESCRIPTION
Extent 390
546 ## - LANGUAGE NOTE
Language note ENGLISH
654 ## - SUBJECT ADDED ENTRY--FACETED TOPICAL TERMS
Focus term Computer
942 ## - ADDED ENTRY ELEMENTS (KOHA)
Koha item type BOOK
Holdings
Withdrawn status Lost status Damaged status Not for loan Collection Home library Current library Date acquired Cost, normal purchase price Total Checkouts Full call number Barcode Date last seen Cost, replacement price Price effective from Koha item type
        CRC Fr. Agnel's C.Rodrigues College of Engineering Fr. Agnel's C.Rodrigues College of Engineering 17/03/2023 496.34   621.3851 4935 17/03/2023 496.34 17/03/2023 BOOK